000 00538nam a22001817a 4500
999 _c192586
_d192586
005 20220927145203.0
010 _aENG-135207
020 _a9788179941485
_c200.00
035 _aEN-118739
037 _bDBAD/PUB
082 _a220.2
100 _aKashyap,R.L.
245 _aRishi-S of the four Veda-s & Upanishad-s /
_cby R.L.Kashyap
260 _bSakshi
_c2015
_aBangalore
270 _a# 63,13th Main,4th Block East,Jayanagar,
_bBangalore
_e560011
300 _axii,200p.
_c22cm(pbk)
942 _2ddc
_cEN
_h220.2
_mKAS